000 00221nam a2200085Ia 4500
245 0 _aThe tempest
100 _a TODD, Loreto London, 1998 - [2001]
_978922
942 _cBK
008 210817s9999 xx 000 0 und d
999 _c273540
_d273540